| 000 | 00364 a2200145 4500 | ||
|---|---|---|---|
| 020 | _a9695190928 | ||
| 082 | _a297.63 | ||
| 090 |
_c6053 _d6053 |
||
| 100 | _aAzzam,Leila. | ||
| 245 |
_aMuhammad. _bThe Life of the Prophet. _cLeila Azzam. |
||
| 260 |
_aLahore. _bSuhail Academy. _c2005. |
||
| 300 | _a149p. | ||
| 500 | _aPaper cover. | ||
| 942 |
_aNBS _cBK _k297.63 AZZ |
||
| 999 |
_c348441 _d348441 |
||